| 000 | 00599nam a22001697a 4500 | ||
|---|---|---|---|
| 082 |
_a891.4391 _bAKH |
||
| 100 | _aJaan Nisar Akhtar | ||
| 245 | _aKulliyat-e-Jaan Nisar Akhtar / | ||
| 260 |
_aLahore: _bAl Hamd Publications, _c2020. |
||
| 300 |
_a461 p. _c22cm, |
||
| 563 | _aHB. | ||
| 650 |
_aPoetry - Urdu Literature. _9129745 |
||
| 880 |
_6100-01\(3\r _aسید جان نثار حسین رضوی (تخلص: اخترؔ)، |
||
| 880 |
_6245-02\(03\r _a/کلیاتِ جان نثار اختر |
||
| 880 |
_6260-03\(03\r _aالحمد پبلی کیشنز، لاہور _c2020 |
||
| 942 |
_2ddc _cBK |
||
| 999 |
_c614294 _d614294 |
||